Football Teams Kevin-Prince Boateng Played For - Statistics

General Stats
  • This quiz has been taken 35 times
  • The average score is 8 of 16
Answer Stats
League Years Team % Correct
Italy 2010-2013 AC Milan
88%
Italy 2016 AC Milan
88%
Spain 2019 FC Barcelona
81%
Germany 2013-2015 FC Schalke 04
69%
Germany 2009 Borussia Dortmund
62%
Turkey 2020 Beşiktaş JK
54%
Germany 2005-2007 Hertha BSC
54%
Germany 2021-2023 Hertha BSC
54%
Germany 2004-2005 Hertha BSC II
54%
England 2007-2009 Tottenham Hotspur
42%
England 2009-2010 FC Portsmouth
38%
Germany 2017-2018 Eintracht Frankfurt
35%
Italy 2020-2021 AC Monza
27%
Spain 2016-2017 UD Las Palmas
27%
Italy 2019-2020 ACF Fiorentina
23%
Italy 2018-2019 US Sassuolo
23%
No matching quizzes found
Score Distribution
Percent of People with Each Score
Percentile by Number Answered
Your Score History
You have not taken this quiz